000 00299nam a22001457a 4500
008 210222b ||||| |||| 00| 0 eng d
020 _a008325698
041 _aeng
080 _2004
_a004
082 _a004
100 _a33.1
101 _aSHKI
245 _aJava 2
_cKotler, P
942 _2udc
_cBK
999 _c55094
_d55094